000 00542nam a2200181Ia 4500
003 GCL
008 140319s9999 xx 000 0 ara d
040 _aGCL /
_cGCL
082 0 4 _a833.01
_bك ج
100 1 _aكلايت , هاينريش فوند
245 1 0 _aالجرة المحطمة /
_cكلايت , هاينريش فوند
300 _a143 ص
490 _aمسرحيات عالمية
_v0
650 0 4 _aالادب
650 0 4 _aالادب الالمانى
650 0 4 _aالادب الالمانى المترجم
942 _2ddc
_cBK
999 _c40092
_d40092